| 000 | 00794nam a2200253 4500 | ||
|---|---|---|---|
| 001 | 14482 | ||
| 003 | BD-RjUL | ||
| 005 | 20211208235633.0 | ||
| 008 | 140206s1953 enkab b 001 0 eng d | ||
| 035 | _a(BD-RjUL)14534 | ||
| 040 |
_aBD-RjUL _beng _cBD-RjUL _dBD-RjUL |
||
| 041 | _aeng | ||
| 082 |
_a551.5 _bHAR |
||
| 100 | 1 |
_aHare, F. Kenneth _q(Frederick Kenneth), _d1919- _933596 |
|
| 245 | 1 | 4 |
_aThe restless atmosphere / _cby F.K. Hare |
| 260 |
_aLondon : _bHutchinson University Library, _c1953. |
||
| 300 |
_aviii, 192 p. : _bill. ; _c19 cm |
||
| 490 | 1 | _aHutchinson university library. Geography | |
| 504 | _aIncludes bibliographical references and index | ||
| 650 | 0 |
_aClimatology _945171 |
|
| 830 | 0 |
_aHutchinson university library. _9204199 |
|
| 942 |
_2ddc _cBK |
||
| 999 |
_c14482 _d14482 |
||